000 00993nam a22002417a 4500
999 _c19639
_d19639
003 AR-CdUCM
008 190518b ||||| |||| 00| 0 spa d
040 _aMUNICIPALIDAD PROVINCIAL DEL CUSCO
_cBIBLIOTECA MUNICIPAL DEL CUSCO
041 _heng
082 _22ed.
_a370.8 /
_bAH32
100 _aAhmann, J. Stanley
_912424
245 _aLos tests psicológicos y su empleo en la escuela /
260 _aBuenos Aires :
_bEdiciones Troquel,
_c1969.
300 _a140 páginas ;
_c22 cm.
440 _aBiblioteca de la Nueva Educación.
_941094
505 _aContenido: Evalución del rendimiento del estudiante -- Construcción de tests -- Confiabilidad, validez y normas de los tests -- Tests en el dominio cognoscitivo -- Determinación del potencial des estudiante ...
650 _aPruebas psicológicas
_97330
650 _aPsicología
_91538
650 _aEducación
_9460
700 _aMontes de Oca, Estela (traducción)
_936833
942 _2ddc
_cLIBROS
945 _aachl
_d2019-05-18